PHARMACOTHERAPY HANDBOOK (Record no. 8162)

MARC details
000 -LEADER
fixed length control field 00481nam a22001817a 4500
005 - DATE AND TIME OF LATEST TRANSACTION
control field 20230110132601.0
008 - FIXED-LENGTH DATA ELEMENTS--GENERAL INFORMATION
fixed length control field 221220b |||||||| |||| 00| 0 eng d
020 ## - INTERNATIONAL STANDARD BOOK NUMBER
ISBN 978-1-260-46948-6
041 ## - LANGUAGE CODE
Language code of text/sound track or separate title eng
082 ## - DEWEY DECIMAL CLASSIFICATION NUMBER
Classification number 615 SCH-P
100 ## - MAIN ENTRY--AUTHOR NAME
Personal name SCHWING HAMMER , TERRY L. DIPIRO. ,JOSEPH T AND OTHERS .
245 ## - TITLE STATEMENT
Title PHARMACOTHERAPY HANDBOOK
250 ## - EDITION STATEMENT
Edition statement 11th ed.
260 ## - PUBLICATION, DISTRIBUTION, ETC. (IMPRINT)
Name of publisher M C GRAW HILL
300 ## - PHYSICAL DESCRIPTION
Number of Pages 1099;P.
650 ## - SUBJECT ADDED ENTRY--TOPICAL TERM
Topical Term PHARMACY
General subdivision D.PHARMA
942 ## - ADDED ENTRY ELEMENTS (KOHA)
Koha item type Books
Holdings
Lost status Damaged status Collection code Home library Current library Shelving location Date acquired Source of acquisition Cost, normal purchase price Full call number Accession Number Koha item type
    Reference JRU Library JRU Library SHELF-3-B 17/11/2022 LOHIA BOOK INTERNATIONAL 3000.00 615-SCH-P 27204 Books